00306pab a2200121 454500008004000000100002200040245004500062260000900107300001300116362001100129650001000140773003400150180718b2011 xxu||||| |||| 00| 0 eng d aBanerjee, Sumanta aFrom metropolitan to megalopolitan riots c2011 ap.27-29. a24 Sep aRiots aEconomic and Political Weekly